| 000 | 00418nam a2200157 i 4500 | ||
|---|---|---|---|
| 001 | 33809 | ||
| 003 | ES-MaACL | ||
| 005 | 20230906154827.0 | ||
| 007 | t| | ||
| 008 | 030203s1965 sp ||||1| spa d | ||
| 100 | 1 |
_aBlack, Sam. _929065 |
|
| 245 | 1 | 0 |
_aRelaciones públicas prácticas / _cpor Sam Black. |
| 260 |
_aMadrid : _bCompi, _c[1965] |
||
| 300 |
_aXV, 282 p. ; _c22 cm. |
||
| 852 |
_aES-MaACL _jC-28094 _bR.57429 |
||
| 999 |
_c33809 _d33809 |
||